000 00472nam a22001697a 4500
003 OSt
005 20220930155657.0
008 220930b |||||||| |||| 00| 0 eng d
020 _a0946846 413
040 _cBiblioteca Lado V
082 _a750
_bO'999k
100 _941
_aO'Reilly, Paul M.
245 _aKingdom of Heaven/
260 _aIrlanda
_bLimerick City Gallery of Art
_c1999
300 _a184p.
_c24x27cm
942 _2ddc
_c1
_h750
_iO'999k
_n0
999 _c2151
_d2151